000
00268nam a2200109Ia 4500
008
220204s9999 xx 000 0 und d
082
_a
82-3MB
_b
FAR
100
_a
Farnes, Eleanor
245
4
_a
The Amaranth flower
260
_a
London
_b
Mills and Boon
_c
1979
942
_c
BK
999
_c
32422
_d
32422